Krieg zu Kriegsfilmen zuordnen - Statistiken

Allgemein
  • Dieses Quiz wurde 85 mal gespielt
  • Das Durchschnittsergebnis liegt bei 7 aus 19
Antwortstatistiken
Hint Antwort % Korrekt
Im Westen nichts neues Erster Weltkrieg
87%
Das Boot Zweiter Weltkrieg
86%
Apocalypse Now Vietnamkrieg
65%
1917 Erster Weltkrieg
64%
Der Untergang Zweiter Weltkrieg
58%
Full Metal Jacket Vietnamkrieg
46%
Gettysburg Amerikanischer Bürgerkrieg
42%
Der Patriot Amerikanischer Unabhängigkeitskrieg
36%
Lawrence von Arabien Erster Weltkrieg
35%
Waterloo Napoleonische Kriege
35%
Die Brücke am Kwai Zweiter Weltkrieg
28%
Königreich der Himmel Dritter Kreuzzug
26%
Dr. Schiwago Russischer Bürgerkrieg & Erster Weltkrieg
26%
Johanna von Orléans Hundertjähriger Krieg
23%
Tödliches Kommando - The Hurt Locker Irakkrieg
14%
300 Perserkriege
13%
Master und Commander Napoleonische Kriege
10%
Black Hawk Down Somalischer Bürgerkrieg
10%
Der letzte Mohikaner Siebenjähriger Krieg
4%
Keine übereinstimmenden Quizze gefunden
Verteilung der Resultate
Anzahl Personen mit jedem Resultat
Perzentil nach korrekt beantworteten Fragen
Ihre Resultats-Entwicklung
Sie haben dieses Quiz noch nicht gespielt